|
|
|
|
| LEADER |
01910nam a2200517 a 4500 |
| 001 |
000106867 |
| 003 |
CZ BrMZK |
| 005 |
20220105144849.0 |
| 007 |
ta |
| 008 |
010907s1996 xr e c 0 cze d |
| 015 |
|
|
|a cnb000167914
|
| 020 |
|
|
|a 80-902257-0-5
|
| 035 |
|
|
|a (OCoLC)36704808
|
| 040 |
|
|
|a BOA001
|b cze
|
| 043 |
|
|
|a ec-----
|a e-xr---
|
| 045 |
|
|
|a v-w-
|
| 072 |
|
7 |
|a 7.01/.09
|x Umění
|2 Konspekt
|9 21
|
| 080 |
|
|
|a 7.047
|2 MRF
|
| 080 |
|
|
|a 911.375
|2 MRF
|
| 080 |
|
|
|a 334.782(088)
|2 MRF
|
| 080 |
|
|
|a 930.253
|2 MRF
|
| 080 |
|
|
|a (4-191.2)
|2 MRF
|
| 080 |
|
|
|a (437.3)
|2 MRF
|
| 080 |
|
|
|a (437.314)
|2 MRF
|
| 080 |
|
|
|a (083.8)
|2 MRF
|
| 080 |
|
|
|a (084.11)
|2 MRF
|
| 100 |
1 |
|
|a Šulc, Ivo,
|d 1971-
|7 xx0012916
|4 aut
|
| 245 |
1 |
0 |
|a Veduty měst na tovaryšských listech :
|b z fondů Státního okresního archivu v Chrudimi /
|c Ivo Šulc
|
| 250 |
|
|
|a Vyd. 1.
|
| 260 |
|
|
|a Chrudim :
|b Státní okresní archiv,
|c 1996
|
| 300 |
|
|
|a 95 s. :
|b il., mapy. ;
|c 30 cm
|
| 504 |
|
|
|a Obsahuje bibliografii
|
| 500 |
|
|
|a Dostupné též v digitální podobě v aplikaci Kramerius
|
| 610 |
2 |
7 |
|a Státní okresní archiv Chrudim
|7 ko2001100152
|2 czenas
|
| 648 |
|
7 |
|a 18.-19. století
|7 ch757018
|2 czenas
|
| 650 |
0 |
7 |
|a veduty
|z Evropa střední
|y 18.-19. století
|7 ph127003
|2 czenas
|
| 650 |
0 |
7 |
|a města
|z Evropa střední
|7 ph115399
|2 czenas
|
| 650 |
0 |
7 |
|a tovaryšské listy
|z Česko
|y 18.-19. století
|7 ph126696
|2 czenas
|
| 650 |
0 |
7 |
|a archivní fondy
|z Česko
|7 ph118590
|2 czenas
|
| 651 |
|
7 |
|a Chrudim (Česko)
|7 ge128952
|2 czenas
|
| 655 |
|
7 |
|a soupisy
|7 fd133560
|2 czenas
|
| 655 |
|
7 |
|a obrazové publikace
|7 fd132947
|2 czenas
|
| 856 |
4 |
1 |
|u http://www.digitalniknihovna.cz/mzk/uuid/uuid:3cd99e00-e034-11ee-8ea1-5ef3fc9bb22f
|y Digitalizovaný dokument
|x NDK
|
| 910 |
|
|
|a BOA001
|b 4-1026.703
|
| 990 |
|
|
|a BK
|
| 996 |
6 |
|
|b 2610044397
|c 4-1026.703
|l MZK
|r Sklad / do 1 hodiny
|n 16
|p p.v.
|w 000106867
|u 000010
|a 1
|e BOA001
|j MZK50
|s P
|